000 00635nam a2200253Ia 4500
003 OSt
005 20221007104635.0
006 a|||||r|||| 00| 0
007 ta
008 221006b |||||||| |||| 00| 0 eng d
024 _a16,437
037 _cTextual
040 _aLCO
_cLCO
_beng
041 _2eng
_aeng
082 _aZ2,8,5, J6
100 _aGauba K.L
245 0 _aBattles at the Bar
250 _a1st
260 _aBombay
_bN,M Tripathi Private Limited India
_c1956
300 _a288
650 _aBATTLES AT THE BAR
_9706186
942 _hZ2,8,5, J6
_cTEXL
999 _c1186000
_d1186000